000 00830nam a22002777a 4500
003 CHAP
005 20220817041904.0
008 971013s r 00010 d
010 _a27854
011 _a28826
035 _a32937
040 _cCHAP
090 _aR-1673
100 0 0 _aKirbach, E.
_963325
245 _aOn the fractional stress relaxation of coniferous wood tissues
500 _aSobretiro de : Wood and fiber 8 (2) : 74-84, 1976
590 _aBATCH-UPD
_b10
_c20130110
_lUCH01
_h1609
590 _aBATCH-UPD
_b10
_c20130410
_lUCH01
_h1004
590 _aBATCH-UPD
_b10
_c20130914
_lUCH01
_h1034
590 _aCONVERSION
_b10
_c20130109
_lUCH01
_h1316
650 1 4 _aConíferas.
650 1 4 _aMadera
_xPropiedades y usos.
_969621
901 _aBK
942 _cREIMP
949 _aR-1673
_bBC
_cR
_d-76666
_eTS1
_i32937
_si
999 _c27854
_d27854